Loading...
| Science - Chemistry | 1 | 2 | 1 | 0 | 30 | 16 | 75.67 | 0 | 3 | 0.00 | 0.00 |
| Beliefs | 1 | 2 | 1 | 3 | 30 | 22 | 94.00 | 1 | 2 | 0.00 | 0.00 |
| Fine Arts - Auditory | 0 | 3 | 0 | 1 | 30 | 93 | 114.33 | 0 | 2 | 0.00 | 0.00 |
| Geography | 2 | 0 | 0 | 0 | 30 | 35 | 54.50 | 2 | 2 | 0.00 | 0.00 |
| Other Academic | 1 | 1 | 0 | 0 | 25 | 39 | 63.50 | 2 | 2 | 0.00 | 0.00 |
| Fine Arts - Visual | 1 | 2 | 2 | 0 | 25 | 33 | 81.33 | 1 | 2 | 0.00 | 0.00 |
| Other Arts: Visual | 0 | 2 | 0 | 0 | 20 | 107 | 112.50 | 0 | 1 | 0.00 | 0.00 |
| Philosophy | 0 | 2 | 0 | 0 | 20 | 65 | 97.00 | 0 | 1 | 0.00 | 0.00 |
| Other Science: Math | 0 | 2 | 0 | 0 | 20 | 92 | 104.00 | 0 | 1 | 0.00 | 0.00 |
| Social Science | 0 | 2 | 1 | 0 | 15 | 94 | 109.00 | 0 | 1 | 0.00 | 0.00 |
| Science - Biology | 0 | 1 | 0 | 0 | 10 | 77 | 77.00 | 0 | 1 | 0.00 | 0.00 |
| Literature - American | 0 | 1 | 0 | 1 | 10 | 127 | 127.00 | 0 | 0 | 0.00 | 0.00 |
| Other Science: Astronomy | 0 | 1 | 0 | 1 | 10 | 130 | 130.00 | 0 | 0 | 0.00 | 0.00 |
| Science - Physics | 0 | 1 | 0 | 0 | 10 | 113 | 113.00 | 0 | 1 | 0.00 | 0.00 |
| Literature - British | 0 | 1 | 0 | 0 | 10 | 108 | 108.00 | 0 | 1 | 0.00 | 0.00 |
| 0 | 1 | 1 | 0 | 5 | 123 | 123.00 | 0 | 1 | 0.00 | 0.00 | |
| Literature - European | 0 | 1 | 1 | 0 | 5 | 118 | 118.00 | 0 | 1 | 0.00 | 0.00 |
| History - American | 0 | 1 | 1 | 0 | 5 | 80 | 80.00 | 0 | 1 | 0.00 | 0.00 |
| History - World | 0 | 0 | 1 | 0 | -5 | 0.00 | 0 | 0 | 0.00 | 0.00 | |
| History - European | 0 | 0 | 2 | 0 | -10 | 0.00 | 0 | 0 | 0.00 | 0.00 |